[Event "4th Paleohora Open"]
[Site "Paleochora GRE"]
[Date "2011.07.20"]
[Round "1"]
[White "Rocchi,F"]
[Black "Ernst,S"]
[Result "0-1"]
[WhiteElo "1917"]
[BlackElo "2600"]

1.c4 c6 2.Nc3 d5 3.cxd5 cxd5 4.d4 Nf6 5.Nf3 Nc6 6.h3 Ne4 7.e3 g6 8.Bd3 Nxc3
9.bxc3 Bg7 10.O-O O-O 11.Bd2 Be6 12.Qa4 Rc8 13.Rac1 Qd7 14.Ng5 Bf5 15.e4 dxe4
16.Nxe4 b6 17.Rfe1 Rfd8 18.Bf1 Na5 19.Qxd7 Rxd7 20.Bf4 Nc4 21.g4 Be6 22.a4 Bd5
23.Nd2 e6 24.Ra1 h6 25.Nxc4 Bxc4 26.Bd2 Bxf1 27.Kxf1 Rd5 28.Ra2 Rc4 29.f4 h5
30.Ke2 Kf8 31.Kd3 Rc8 32.Ke4 Ke7 33.g5 Kd7 34.Rb1 Kc6 35.Rb5 a6 36.Rb1 Kb7
37.Rab2 Rc6 38.Ra2 Bf8 39.Kd3 Rd8 40.Ke4 Bd6 41.Rb3 Bc7 42.Rb4 Kc8 43.Rb3 Rd5
44.Rb1 Kd7 45.Kd3 Rf5 46.Ke4 Kd6 47.Ra3 Rc4 48.Ra2 Ra5 49.Rba1 Rf5 50.Rb1 Kc6
51.Rba1 Kd6 52.Rb1 Bd8 53.Rba1 Ke7 54.Kd3 Rc8 55.Ke4 Bc7 56.Rb1 Rf8 57.Rf1 f6
58.gxf6+ R5xf6 59.Be3 Rf5 60.Raf2 R8f6 61.Rb2 Kd7 62.Rbf2 Kc6 63.Rb2 Rf7
64.Rg2 g5 65.Rgf2 gxf4 66.Bxf4 Bxf4 67.Rxf4 Rxf4+ 68.Rxf4 Rxf4+ 69.Kxf4 Kd5
70.Ke3 Kc4 71.Kd2 Kb3 72.Kd3 Kxa4 73.c4 Kb4  0-1

[Event "Czech Open G Rapid"]
[Site "Pardubice CZE"]
[Date "2011.07.20"]
[Round "1.4"]
[White "Schlosser,P"]
[Black "Olsarova,T"]
[Result "1-0"]
[WhiteElo "2599"]
[BlackElo "2242"]

1.c4 c6 2.Nf3 Nf6 3.d4 d5 4.e3 e6 5.b3 Bd6 6.Bd3 O-O 7.O-O Nbd7 8.Bb2 Qe7
9.Ne5 c5 10.Nd2 Rd8 11.Qc2 Nf8 12.dxc5 Bxc5 13.Ndf3 Ne8 14.cxd5 exd5 15.Be2 Be6
16.Rac1 Rac8 17.Qd2 Bf5 18.Nd3 Bd6 19.Nd4 Be4 20.g3 Bb8 21.Bg4 Rxc1 22.Rxc1 Nf6
23.Nf5 Qe8 24.Bxf6 gxf6 25.Nc5 h5 26.Bh3 Ng6 27.Qd1 Ne5 28.Nxe4 dxe4 29.Qxh5 Qf8
30.Bg2  1-0

[Event "13th Sant Marti Open"]
[Site "Barcelona ESP"]
[Date "2011.07.21"]
[Round "9"]
[White "Beltran Rueda,S"]
[Black "Alarcon Casellas,Rol"]
[Result "1/2-1/2"]
[WhiteElo "2376"]
[BlackElo "2453"]

1.c4 c6 2.e4 d5 3.exd5 cxd5 4.cxd5 Nf6 5.Bb5+ Nbd7 6.Nc3 a6 7.Bxd7+ Qxd7
8.Qb3 g6 9.Nf3 Bg7 10.O-O O-O 11.d4 Rd8 12.Ne5 Qf5 13.h3 Qh5 14.Re1 g5 15.Be3 g4
16.hxg4 Nxg4 17.Bf4 Nf6 18.Bg3 Bf8 19.Nc4 b5 20.Nb6 Ra7 21.Nxc8 Rxc8 22.a4 Rb7
23.axb5 axb5 24.Ne4 Nxe4 25.Rxe4 Rb6 26.Rae1 Rh6 27.Rh4 Qg5 28.Rxh6 Rc1 29.f4 Rxe1+
30.Bxe1 Qxh6 31.Qg3+ Bg7 32.Bb4 Qf6 33.Bc5 h6 34.Qe3 Bf8 35.b3 Qf5 36.Qf3 Bg7
37.Bxe7 Bxd4+ 38.Kh2 f6 39.d6 Kf7 40.g3 h5 41.Qd1 Bb6 42.Qf3 Bd4 43.Kg2 Bb6
44.Qc6 Bc5 45.Qxb5 Qc2+ 46.Kh3 Qf5+  1/2-1/2

[Event "Landon Brownell Memorial"]
[Site "Los Angeles USA"]
[Date "2011.07.21"]
[Round "3"]
[White "Banawa,Joe"]
[Black "Coleman,T"]
[Result "1-0"]
[WhiteElo "2374"]
[BlackElo "2285"]

1.c4 c6 2.Nf3 d5 3.g3 Nf6 4.Bg2 Bg4 5.Ne5 Bh5 6.cxd5 cxd5 7.Nc3 e6 8.g4 Bg6
9.h4 Nbd7 10.Nxd7 Qxd7 11.h5 d4 12.hxg6 dxc3 13.g5 cxd2+ 14.Bxd2 Ng4 15.Bc3 h5
16.Qxd7+ Kxd7 17.gxf7 Bc5 18.e3 Ke7 19.Bxg7 Kxf7 20.Bxh8 Rxh8 21.Bf3 Ne5
22.Bxh5+ Kg7 23.O-O-O  1-0

[Event "ch-PHI w"]
[Site "Manila PHI"]
[Date "2011.07.21"]
[Round "8"]
[White "Frayna,Janelle Mae"]
[Black "Perena,C"]
[Result "1-0"]
[WhiteElo "1875"]
[BlackElo "2104"]

1.c4 c6 2.g3 Nf6 3.Bg2 d5 4.Nf3 g6 5.O-O Bg7 6.Qc2 O-O 7.b3 Bf5 8.d3 Qc8
9.Re1 Bh3 10.Bh1 h6 11.Bb2 Nbd7 12.Nc3 dxc4 13.bxc4 e5 14.a4 a5 15.Ba3 Re8
16.Nd2 Bf8 17.Reb1 Bf5 18.Bxf8 Rxf8 19.Qb2 Nc5 20.Nb3 Nfd7 21.Qa3 Nxb3 22.Rxb3 Qc7
23.Rab1 Rab8 24.Qc1 Kg7 25.Qe3 b6 26.R3b2 Nc5 27.f4 Rfe8 28.Bf3 h5 29.fxe5 Rxe5
30.Qd2 Re6 31.e4 Bg4 32.Bg2 Rd6 33.d4 Qd8 34.d5 cxd5 35.cxd5 Qf6 36.Rf1 Qe7
37.Qd4+ f6 38.Nb5 Rdd8 39.Rbf2 Rf8 40.Re1 Rbe8 41.Nc3 Bd7 42.Rb2 Qd6 43.Bf1 Re5
44.Bb5 Rfe8 45.Bxd7 Nxd7 46.Nb5 Qc5 47.Qxc5 Nxc5 48.Nd6 Rb8 49.Nc4 Nxa4 50.Ra2 Nc3
51.Nxe5 Nxa2 52.Nc6 Rb7 53.Re3 Nc1 54.Ra3 Rd7 55.Kf2 f5 56.Ne5 Rd8 57.Rc3 Na2
58.Rc7+ Kg8 59.Nc6 Rd6 60.e5 Rxc6 61.Rxc6 Nb4 62.Rxg6+ Kh7 63.Rxb6 Nd3+ 64.Ke3 Nxe5
65.Kf4 Nc4 66.Ra6 h4 67.Kxf5 h3 68.d6  1-0

[Event "Poznan Summer Open"]
[Site "Poznan POL"]
[Date "2011.07.21"]
[Round "6.29"]
[White "Tuzel,Szymon"]
[Black "Jarmuzek,Jaroslaw"]
[Result "1-0"]
[WhiteElo "1571"]
[BlackElo "1386"]

1.c4 c6 2.Nf3 d5 3.e3 Nf6 4.Nc3 Bf5 5.b3 e6 6.Bb2 Bd6 7.d4 b6 8.Ne5 Qc7 9.cxd5 cxd5
10.Nb5 Bb4+ 11.Ke2 Qd8 12.Rc1 Bd6 13.Nxd6+ Qxd6 14.Rc8+ Ke7 15.Rxh8 Ne8 16.Qc1 Nd7
17.Ba3 Nc5 18.b4 Nd7 19.b5 Nc5 20.Nc6+ Kf6 21.dxc5 bxc5 22.Bxc5 Qc7 23.Bd4+ Kg6
24.Rxe8 Rxe8 25.Ne5+ Qxe5 26.Bxe5 f6 27.Bd4 e5 28.Bxa7 Rc8 29.Qd1 Rc2+ 30.Ke1 Rxa2
31.b6 Bc8 32.Qb1+ Kf7 33.Qxa2 Bb7 34.e4 Ke7 35.exd5 Kd6 36.Bc4 g5 37.Qa3+ Kd7
38.Bb5+ Kd8 39.Qf8+  1-0

[Event "15th Battle of Senta Open"]
[Site "Senta SRB"]
[Date "2011.07.21"]
[Round "7.18"]
[White "Sirotanovic,O"]
[Black "Bogdan,H"]
[Result "1-0"]
[WhiteElo "2275"]
[BlackElo "1880"]

1.c4 c6 2.Nc3 d5 3.d4 Nf6 4.Nf3 a6 5.cxd5 cxd5 6.Bf4 Nc6 7.e3 Bg4 8.Be2 e6
9.O-O Bd6 10.Ne5 Bxe2 11.Nxc6 Bxd1 12.Nxd8 Rxd8 13.Bxd6 Rxd6 14.Rfxd1 Rc6
15.f3 O-O 16.e4 Rfc8 17.Kf2 b5 18.e5 Nd7 19.Ne2 Rc2 20.Rdc1 Kf8 21.b3 Nb8
22.Ke3 Ke7 23.Kd3 Rxc1 24.Rxc1 Rxc1 25.Nxc1 Nc6 26.a3 Kd7 27.b4 a5 28.Kc3 axb4+
29.axb4 Ne7 30.g4 g5 31.Nd3 Ng6 32.Kd2 Nf4 33.Ne1 Ke7 34.Nc2 Kd7 35.Ke3 Ng6
36.Ne1 Nf4 37.h4 h6 38.h5 Ke7 39.Nc2 Kd7 40.Na3 Kc6 41.Nb1 Ng2+ 42.Kd2 Nf4
43.Nc3 Ng2 44.Ne2 Kd7 45.f4 gxf4 46.Nc3 Kc6 47.Ke2 Ne3 48.Kf3 Nc2 49.Ne2 Kd7
50.g5 Ke7 51.gxh6 Kf8 52.Kxf4 Nxb4 53.Kg5 Nc6 54.Kf6 Kg8 55.h7+ Kxh7 56.Kxf7 b4
57.Kxe6 b3 58.Kxd5 b2 59.Nc3 Ne7+  1-0

[Event "XXIX Andorra Open"]
[Site "Arinsal AND"]
[Date "2011.07.22"]
[Round "7.19"]
[White "Popilski,G"]
[Black "Fernandez Vazquez,J"]
[Result "1-0"]
[WhiteElo "2376"]
[BlackElo "1940"]

1.c4 c6 2.e4 d5 3.exd5 cxd5 4.cxd5 Nf6 5.Nc3 g6 6.Nf3 Bg7 7.Bc4 a6 8.O-O b5
9.Bb3 Bb7 10.Ne5 O-O 11.Re1 b4 12.Na4 Nxd5 13.Nc5 Qc7 14.d4 e6 15.Bg5 Nb6
16.Rc1 Nc6 17.Nxe6 fxe6 18.Nxc6 Kh8 19.Nd8  1-0

[Event "16th Balaguer Open"]
[Site "Balaguer ESP"]
[Date "2011.07.22"]
[Round "6"]
[White "Gutierrez Martos,F"]
[Black "Guadamuro Torrente,A"]
[Result "1-0"]
[WhiteElo "2071"]
[BlackElo "2177"]

1.c4 c6 2.g3 d5 3.Bg2 Nf6 4.Nf3 g6 5.b3 Bg7 6.Bb2 O-O 7.O-O Bg4 8.d3 Nbd7
9.Nbd2 Re8 10.e4 dxe4 11.dxe4 e5 12.Qc2 Qc7 13.h3 Bxf3 14.Nxf3 Nc5 15.Rfe1 Rad8
16.Bf1 a5 17.Bc3 b6 18.a3 Nfd7 19.b4 Ne6 20.Rad1 axb4 21.axb4 c5 22.Rd5 Nd4
23.Bxd4 exd4 24.bxc5 bxc5 25.Bd3 Ra8 26.Rg5 Ra3 27.Qe2 Be5 28.Rd1 h6 29.Rg4 Bg7
30.Rf4 Rea8 31.e5 Nxe5 32.Nxe5 Bxe5 33.Rf3 Bg7 34.Qe4 Qe5 35.Qb7 R3a7 36.Qc6 Ra1
37.Kg2 Rxd1 38.Qxa8+ Kh7 39.Be4 h5 40.Rxf7 d3 41.Qc6 Qg5 42.h4 Qh6 43.f4 d2
44.Rd7 Ra1 45.Rxd2 Bd4 46.Re2 Rg1+ 47.Kh2 Rf1 48.Bg2 Rf2 49.Re7+ Bg7 50.Qxc5 Rxf4
51.gxf4 Qxf4+ 52.Kg1 Kh6 53.Qg5+  1-0

[Event "ch-PHI"]
[Site "Manila PHI"]
[Date "2011.07.22"]
[Round "11"]
[White "So,W"]
[Black "Paragua,M"]
[Result "1/2-1/2"]
[WhiteElo "2658"]
[BlackElo "2545"]

1.c4 c6 2.Nf3 d5 3.g3 Nf6 4.b3 Bg4 5.Bg2 e6 6.O-O Nbd7 7.Bb2 Be7 8.d3 O-O
9.Nbd2 a5 10.a3 Re8 11.Rc1 Bd6 12.h3 Bxf3 13.Nxf3 Qe7 14.Ra1 h6 15.e3 Ne5
16.Qc2 Red8 17.Rfd1 Rac8 18.Bc3 Ra8 19.Rab1 Ned7 20.b4 axb4 21.axb4 Ra3 22.b5 c5
23.Qb2 Rda8 24.Ra1 Rxa1 25.Rxa1 Qd8 26.Nd2 Be7 27.Rxa8 Qxa8 28.cxd5 exd5
29.Qb3 b6 30.Kh2 Bd6 31.e4  1/2-1/2

[Event "Landon Brownell Memorial"]
[Site "Los Angeles USA"]
[Date "2011.07.23"]
[Round "6"]
[White "Banawa,Joe"]
[Black "Taylor,T"]
[Result "0-1"]
[WhiteElo "2374"]
[BlackElo "2279"]

1.c4 c6 2.Nc3 d5 3.d4 e5 4.dxe5 d4 5.Ne4 Qa5+ 6.Bd2 Qxe5 7.Ng3 c5 8.Nf3 Qc7
9.e3 Nc6 10.exd4 cxd4 11.Bd3 Nf6 12.O-O Be7 13.Qc2 O-O 14.h3 Bd7 15.a3 a5
16.Rae1 Rad8 17.Bg5 h6 18.Rxe7 hxg5 19.Ree1 g4 20.hxg4 Bxg4 21.Ng5 Qf4 22.N5e4 Rfe8
23.f3 Bc8 24.Nxf6+ Qxf6 25.Ne4 Qh4 26.g3 Qh6 27.c5 Bh3 28.Rf2 f5 29.Qb3+ Kh8
30.Rh2 fxe4 31.Bf1 d3 32.Rxh3 Qxh3 33.Bxh3 d2 34.Ra1 e3 35.Qf7 e2 36.Qh5+ Kg8
37.Bf5 e1=Q+ 38.Kh2 Qe5  0-1

[Event "ch-PHI"]
[Site "Manila PHI"]
[Date "2011.07.23"]
[Round "13"]
[White "So,W"]
[Black "Laylo,D"]
[Result "1/2-1/2"]
[WhiteElo "2658"]
[BlackElo "2528"]

1.c4 c6 2.Nf3 d5 3.g3 Nf6 4.Bg2 g6 5.b3 Bg7 6.Bb2 O-O 7.O-O a5 8.Nc3 Bg4
9.Ne5 Be6 10.d4 Nbd7 11.Nd3 Bf5 12.cxd5 cxd5 13.Ne5 Nb6 14.e3 Ne4 15.Qe2 a4
16.Nxe4 Bxe4 17.Bxe4 dxe4 18.Qb5 Qd6 19.Nc4 Nxc4 20.bxc4 Rfc8 21.Rab1 Rc7
22.Rfc1 e6 23.Rc3 Bf8 24.Ba3 Qa6 25.Bxf8 Qxb5 26.Rxb5 Kxf8 27.d5 exd5 28.Rxd5 Rac8
29.c5 f5 30.Ra3 Rxc5 31.Rxc5 Rxc5 32.Rxa4  1/2-1/2

[Event "Poznan Summer Open"]
[Site "Poznan POL"]
[Date "2011.07.23"]
[Round "8.25"]
[White "Tuzel,Szymon"]
[Black "Kaluzny,T"]
[Result "0-1"]
[WhiteElo "1571"]
[BlackElo "1635"]

1.c4 c6 2.Nf3 d5 3.b3 Bf5 4.Bb2 e6 5.g3 Nf6 6.Bg2 Bd6 7.O-O O-O 8.Nh4 Bg4
9.f3 Bh5 10.Bh1 Nbd7 11.d4 c5 12.Qe1 Qb6 13.g4 Bg6 14.e3 dxc4 15.Nxg6 hxg6
16.Nd2 cxb3 17.Nc4 Qc7 18.Nxd6 Qxd6 19.axb3 Rfc8 20.Ba3 Qb6 21.Qc3 Nd5 22.Qd3 cxd4
23.Qxd4 Qxd4 24.exd4 Ne3 25.Rf2 Nc2 26.Ra2 Nxa3 27.Rxa3 Rc1+ 28.Rf1 Rxf1+
29.Kxf1 a6 30.Ra2 Rc8 31.Ra1 Rc3 32.Rb1 Rd3 33.b4 Rxd4 34.b5 axb5 35.Rxb5 Rd1+
36.Kg2 b6 37.h3 Rc1 38.Kh2 Rc8 39.Bg2 Rb8 40.Bf1 Kf8 41.Rb1 Ke7 42.Kg3 Kf6
43.Kf4 Nc5 44.Ke3 e5 45.Kd2 Kg5 46.Ke3 f6 47.Bc4 Na4 48.Bb5 Nc3 49.Rb3 Nxb5
50.Rxb5 Kh4 51.f4 Kxh3 52.g5 Kg4 53.fxe5 fxe5 54.Rxe5 b5 55.Re4+ Kxg5 56.Rb4 Kf5
57.Kd3 g5 58.Ke3 Rb7 59.Kf3 Ke5 60.Kg4 Kd5 61.Kxg5 Kc5 62.Rb1 b4 63.Rc1+ Kd4  0-1

[Event "II Grafica Yael GM"]
[Site "Torre Blanca ARG"]
[Date "2011.07.23"]
[Round "1"]
[White "Bachmann,Ax"]
[Black "Del Rey,D"]
[Result "1-0"]
[WhiteElo "2550"]
[BlackElo "2377"]

1.c4 c6 2.Nf3 d5 3.g3 Nf6 4.Bg2 e6 5.O-O Be7 6.d4 O-O 7.Nc3 Nbd7 8.Bf4 dxc4
9.a4 Nd5 10.Nd2 Nxf4 11.gxf4 Nb6 12.a5 Nd5 13.e3 Rb8 14.Nxc4 b6 15.axb6 axb6
16.Ne5 Bb7 17.Ra7 Qc8 18.Qb3 Nxc3 19.bxc3 c5 20.d5 c4 21.Qb5 exd5 22.Bxd5 Bc5
23.Rd1 Bxd5 24.Rxd5 Qe6 25.Rdd7 g5 26.Qc6 Qxc6 27.Nxc6 Ra8 28.fxg5 Rxa7 29.Rxa7 Re8
30.Kg2 Kg7 31.h4 Re4 32.f4 Rxe3 33.Ne5 Rxc3 34.h5 Ra3 35.Rxf7+ Kg8 36.h6 Bf8
37.g6  1-0

[Event "2nd ch-Vojvodina"]
[Site "Novi Sad SRB"]
[Date "2011.07.24"]
[Round "2.7"]
[White "Bodiroga,P"]
[Black "Markov,Z"]
[Result "1-0"]
[WhiteElo "2395"]
[BlackElo "2154"]

1.c4 c6 2.d4 d5 3.Nf3 Nf6 4.e3 e6 5.Bd3 Nbd7 6.b3 Bd6 7.Bb2 O-O 8.O-O Qe7
9.Ne5 Rd8 10.f4 Nf8 11.c5 Bxe5 12.fxe5 N6d7 13.Nd2 f6 14.exf6 Nxf6 15.Qf3 Bd7
16.e4 dxe4 17.Nxe4 Nxe4 18.Qxe4 Ng6 19.Bc4 Rf8 20.g3 Rxf1+ 21.Rxf1 Rf8 22.Re1 Re8
23.h4 Nf8 24.Bc1 Qf7 25.Bf4 Qg6 26.Qe2 Qf5 27.Be5 Ng6 28.Rf1 Qh3 29.Bd6 Rf8
30.Bxf8 Qxg3+ 31.Qg2 Qxg2+ 32.Kxg2 Nxf8 33.Kg3 Be8 34.b4 a6 35.a4 Bf7 36.b5 axb5
37.axb5 Be8 38.b6  1-0

[Event "36th MGU Open"]
[Site "Sofia BUL"]
[Date "2011.07.24"]
[Round "4.5"]
[White "Popov,Il"]
[Black "Andreev,Do"]
[Result "1-0"]
[WhiteElo "2206"]
[BlackElo "2067"]

1.c4 c6 2.b3 d5 3.Bb2 Bf5 4.Nf3 e6 5.g3 Nf6 6.Bg2 h6 7.O-O Be7 8.d3 Nbd7
9.Nbd2 Bh7 10.Kh1 O-O 11.Qc2 a5 12.a3 Qb6 13.Rac1  1-0

[Event "TCh-POR 1st Div"]
[Site "Torres Vedras POR"]
[Date "2011.07.24"]
[Round "2.1"]
[White "Andres Gonzalez,A"]
[Black "Buhmann,R"]
[Result "1/2-1/2"]
[WhiteElo "2506"]
[BlackElo "2582"]

1.c4 c6 2.d4 d5 3.Nf3 Nf6 4.Qc2 g6 5.cxd5 cxd5 6.Bf4 Nc6 7.Nc3 Bg7 8.e3 Nh5
9.Be5 O-O 10.Bxg7 Nxg7 11.Qb3 e6 12.Bd3 b6 13.O-O Bb7 14.Rfc1 Qe7 15.Qa4 Rfc8
16.a3 Ne8 17.Ne5 Na5 18.Ne2 Nd6 19.Rxc8+ Rxc8 20.Rc1 Rxc1+ 21.Nxc1 Qc7 22.Qc2 Qxc2
23.Bxc2 f6 24.Ned3 Kf7 25.b3 Nc6 26.f4 h6 27.Na2 g5 28.g3 Nb5 29.a4 Nd6 30.Ndb4 Ne7
31.Bd3 a5 32.Nc2 Ne4 33.Nc1 Nf5 34.Kf1 Nfd6 35.Kg2 Bc6 36.Na3 Be8 37.Nb1 Ke7
38.Ne2 b5 39.axb5 Bxb5 40.Nc1 Bxd3 41.Nxd3 Nf5 42.Kf3 h5 43.fxg5 fxg5 44.b4 g4+
45.Ke2 axb4 46.Nxb4 h4 47.gxh4 Nxh4 48.Nc6+ Kf6 49.Ne5 Kf5 50.Nd2 Nxd2 51.Kxd2 Kg5
52.Ke2 Nf5 53.Nd3 Nh6 54.Nf4 Kf5 55.h3 gxh3  1/2-1/2

[Event "16th Balaguer Open"]
[Site "Balaguer ESP"]
[Date "2011.07.25"]
[Round "9"]
[White "Puig Carres,J"]
[Black "Aranzana Areste,A"]
[Result "1/2-1/2"]
[WhiteElo "1838"]
[BlackElo "2065"]

1.c4 c6 2.g3 d5 3.cxd5 cxd5 4.Bg2 Nf6 5.Nf3 Nc6 6.O-O e5 7.d3 Be7 8.a3 O-O
9.b4 a6 10.Bb2 e4 11.Nd4 Qb6 12.Nxc6 Qxc6 13.Nc3 Bf5 14.Rc1 Qe6 15.Qd2 Bh3
16.dxe4 dxe4 17.Rfd1 Bxg2 18.Kxg2 Rad8 19.Qe3 Qb3 20.Nd5 Qxb2 21.Nxe7+ Kh8
22.Rxd8 Rxd8 23.Qb6 Re8 24.Rc8 Rxc8 25.Nxc8 h6 26.Nd6 Qxe2 27.Nxf7+ Kh7 28.Qe3  1/2-1/2

[Event "16th Balaguer Open"]
[Site "Balaguer ESP"]
[Date "2011.07.25"]
[Round "9"]
[White "Gutierrez Martos,F"]
[Black "Bedoya Ribo,J"]
[Result "0-1"]
[WhiteElo "2071"]
[BlackElo "1915"]

1.c4 c6 2.g3 d5 3.Bg2 e6 4.b3 Nf6 5.Nf3 Be7 6.O-O O-O 7.d3 Nbd7 8.Bb2 b6
9.Nbd2 Bb7 10.Qc2 Rc8 11.e4 c5 12.exd5 exd5 13.Nh4 g6 14.Rae1 Bd6 15.f4 Qc7
16.cxd5 Bxd5 17.Ne4 Nxe4 18.dxe4 Ba8 19.Qc4 b5 20.Qxb5 c4 21.bxc4 Rb8 22.Qg5 Rxb2
23.f5 Qc5+ 24.Kh1 Be7 25.Qh6 Qe5 26.Nf3 Qg7 27.Qf4 Nc5 28.Qc7 Rb7 29.Qa5 Qb2
30.f6 Qxf6 31.e5 Qb6 32.Qd2 Rd7 33.Qh6 g5 34.e6 Nxe6 35.Re5 Ng7 36.Qh3 Rfd8
37.Rfe1 Bf6 38.c5 Qb5 39.R5e3 g4 40.Qh6 gxf3 41.Qxf6 fxg2+ 42.Kg1 Qxc5 43.Qf2 Qb6  0-1

[Event "ch-AUT"]
[Site "Linz AUT"]
[Date "2011.07.25"]
[Round "3"]
[White "Kreisl,R"]
[Black "Hartl,D"]
[Result "1/2-1/2"]
[WhiteElo "2413"]
[BlackElo "2295"]

1.c4 c6 2.Nf3 d5 3.g3 Nf6 4.Bg2 Bg4 5.Ne5 Bf5 6.cxd5 cxd5 7.Qa4+ Bd7 8.Nxd7 Qxd7
9.Qxd7+ Nbxd7 10.Nc3 e6 11.d3 Be7 12.O-O O-O 13.Bf4 Rac8 14.Rac1 a6 15.Nb1 h6
16.Rxc8 Rxc8 17.Rc1 Rxc1+ 18.Bxc1 Bc5 19.h3 Kf8 20.Kf1 Ke7 21.Nc3 Ba7 22.Bd2 Nb8
23.e3 Nc6 24.d4 Nd7 25.Ke2 b5 26.b3 Bb8 27.Kd3 Nb4+ 28.Ke2 Nc6 29.Kd3 Nb4+
30.Ke2  1/2-1/2

[Event "Czech GM Open A"]
[Site "Pardubice CZE"]
[Date "2011.07.25"]
[Round "4.23"]
[White "Stocek,J"]
[Black "Strunski,A"]
[Result "1-0"]
[WhiteElo "2596"]
[BlackElo "2352"]

1.c4 c6 2.e4 d5 3.exd5 cxd5 4.d4 Nf6 5.Nc3 Nc6 6.Bg5 e6 7.Nf3 Be7 8.c5 O-O
9.Bb5 h6 10.Bf4 Ne4 11.O-O Bd7 12.Rc1 b6 13.Bxc6 Bxc6 14.Ne5 Rc8 15.Nxc6 Rxc6
16.Nxe4 dxe4 17.Qa4 Qa8 18.b4 Rcc8 19.c6 a6 20.b5 axb5 21.Qxb5 Qxa2 22.Qxb6 Qd5
23.c7 Bg5 24.Bxg5 Qxg5 25.Rc3 Qd5 26.Rd1 Rfe8 27.h3 Qh5 28.Ra1 Kh7 29.Rac1 Qd5
30.Rc6 Qg5 31.Qb3 Qd5 32.Qb4 Qg5 33.Qe1 Qd5 34.R1c4 f5 35.Qb4 Qd7 36.Qb6 e5
37.Qc5 exd4 38.Rxd4 Qf7 39.Rd5 f4 40.Re5 Kh8 41.Rf5 Qe7 42.Qc3 Kh7 43.Rxf4 Qd7
44.Qc2 Qd3 45.Rf7 Re5 46.Qxd3 exd3 47.Rd7 d2 48.Rxd2 Re7 49.Rdc2 Rf7 50.g3 Re7
51.Kg2 Rf7 52.R2c5 Re7 53.f4 g6 54.Kf3 Kg7 55.g4 Kh7 56.h4 Kg7 57.Rc1 Kh7
58.R1c2 Kg7 59.R2c5 Kh7 60.h5 gxh5 61.Rxh5 Rcxc7 62.Rcxh6+  1-0

[Event "Czech GM Open A"]
[Site "Pardubice CZE"]
[Date "2011.07.25"]
[Round "4.11"]
[White "Chernyshov,K"]
[Black "Bryzgalin,K"]
[Result "1-0"]
[WhiteElo "2552"]
[BlackElo "2469"]

1.c4 c6 2.Nf3 d5 3.e3 Nf6 4.Nc3 a6 5.Qb3 g6 6.a4 Bg7 7.d4 O-O 8.a5 Ra7 9.Bd2 e6
10.Bd3 Nbd7 11.O-O c5 12.cxd5 cxd4 13.exd4 exd5 14.Nxd5 Nxd5 15.Qxd5 Ne5
16.Qxd8 Nxf3+ 17.gxf3 Rxd8 18.Bg5 Rxd4 19.Be3 Rxd3 20.Bxa7 Rxf3 21.Rfd1 Bf6
22.Bd4 Bxd4 23.Rxd4 Be6 24.Raa4 Rf5 25.Ra3 Bd5 26.b4 Bf3 27.h4 Bc6 28.f4 Rh5
29.Rh3 Kg7 30.Kh2 h6 31.Kg3 Rb5 32.Kg4 Be4 33.Rc3 b6 34.axb6 Rxb6 35.h5 Bf5+
36.Kh4 Re6 37.hxg6 fxg6 38.Rdc4 Kf6 39.Rc6 Be4 40.Rxe6+ Kxe6 41.Ra3 Bb7 42.Ra5 Kf6
43.Rc5 Be4 44.Kg4 Bf5+ 45.Kf3 Bd3 46.Rc8 Bf1 47.Ke4 Bg2+ 48.Ke3 Bf1 49.Rc1 Bb5
50.Rh1 Kg7 51.Kd4 g5 52.Ke5 gxf4 53.Kxf4 Kg6 54.Rd1 Kg7 55.Kf5 Kf7 56.Rd6 h5
57.Rf6+ Ke7 58.Rh6 Kd7 59.Ke5 Be2 60.Kd5 Bf3+ 61.Kd4 Be2 62.Ke3 Bf1 63.Ke4 Be2
64.Kd4 Kc7 65.Re6 Bf1 66.Rf6 Be2 67.Kc5 Kd7 68.Kd5 Kc7 69.Rc6+ Kb7 70.Kc5 Bd3
71.Rh6 Be2 72.Rh7+ Kc8 73.Kc6 Kd8 74.Kd6 Kc8 75.Ra7 Kb8 76.Re7 Bf1 77.Rh7 h4
78.Rxh4 a5 79.Rh1 Bd3 80.b5 a4 81.Kc5  1-0

[Event "11th Condino Open"]
[Site "Condino ITA"]
[Date "2011.07.26"]
[Round "2"]
[White "Poletti,F"]
[Black "Salmoiraghi,A"]
[Result "1/2-1/2"]
[WhiteElo "1940"]
[BlackElo "2152"]

1.c4 c6 2.Nc3 d5 3.e3 Nf6 4.d4 a6 5.Nf3 b5 6.cxd5 cxd5 7.Bd3 Bg4 8.O-O e6
9.b3 Be7 10.Bb2 O-O 11.Rc1 Nbd7 12.Qd2 Qb8 13.Ne2 Ne4 14.Qc2 Rc8 15.Qxc8+ Qxc8
16.Rxc8+ Rxc8 17.Rc1 Rxc1+ 18.Nxc1 Bf5 19.Bf1 g5 20.Nd3 f6 21.Be2 b4 22.Nc1 Nb8
23.Bd3 Kf7 24.Kf1 Ke8 25.Ke1 Bg6 26.Nd2 Nxd2 27.Kxd2 Bxd3 28.Nxd3 Nc6 29.g3 g4
30.Ke2 Kf7 31.f4 h5 32.Nf2 f5 33.Nd3 h4 34.Bc1 h3 35.Bd2 Ke8 36.Be1 Kd7 37.Kd1 Bd6
38.Kc2 Kc7 39.Kd1 Kb6 40.Kc2 Kb5 41.Kd1 Ne7 42.Kc2 Ng8 43.Kd1 Nf6 44.Nf2 Be7
45.Kc2 Nh5 46.Nh1 a5 47.Kd3 Nf6 48.Nf2 a4 49.Kc2 Ne8 50.Nd3 Nf6 51.Nf2 Nd7
52.Nd3 Nb8 53.Ne5 Bd6 54.Nf7 Be7 55.Ne5 Bd6 56.Nf7 Be7  1/2-1/2

[Event "ch-AUT"]
[Site "Linz AUT"]
[Date "2011.07.26"]
[Round "4"]
[White "Froewis,G"]
[Black "Kreisl,R"]
[Result "1-0"]
[WhiteElo "2329"]
[BlackElo "2413"]

1.c4 c6 2.Nf3 d5 3.e3 Nf6 4.Nc3 e6 5.b3 Nbd7 6.Bb2 Bd6 7.Qc2 O-O 8.Rg1 e5
9.g4 d4 10.g5 dxc3 11.gxf6 Qxf6 12.Ng5 cxd2+ 13.Qxd2 Qe7 14.O-O-O Ba3 15.Bd3 Nf6
16.f4 Bxb2+ 17.Qxb2 Re8 18.Rd2 h6 19.Ne4 Nxe4 20.Bxe4 f5 21.Bf3 exf4 22.Bh5 Bd7
23.exf4 Rf8 24.Re2 Qf6 25.Qxf6 Rxf6 26.Re7  1-0

[Event "Lake Sevan GM"]
[Site "Martuni ARM"]
[Date "2011.07.26"]
[Round "5.3"]
[White "Khairullin,I"]
[Black "Andriasian,Z"]
[Result "1/2-1/2"]
[WhiteElo "2649"]
[BlackElo "2616"]

1.c4 c6 2.e4 d5 3.exd5 cxd5 4.d4 Nf6 5.Nc3 Nc6 6.Nf3 e6 7.cxd5 exd5 8.Bd3 Be7
9.h3 O-O 10.O-O h6 11.Re1  1/2-1/2

[Event "Czech GM Open A"]
[Site "Pardubice CZE"]
[Date "2011.07.26"]
[Round "5.44"]
[White "Llorente Zaro,A"]
[Black "Bystrov,SM"]
[Result "1/2-1/2"]
[WhiteElo "2453"]
[BlackElo "2300"]

1.c4 c6 2.Nf3 d5 3.d4 Nf6 4.e3 a6 5.Nbd2 Bf5 6.Be2 e6 7.Nh4 Bg6 8.b3 Nbd7
9.Bb2 Bb4 10.Nf3 Ne4 11.O-O Nxd2 12.Nxd2 Bd6 13.Re1 O-O 14.Bf3 Nf6 15.h3 Re8
16.a3 a5 17.Be2 Ne4 18.Nxe4 Bxe4 19.Bc3 Qg5 20.Bf1 h5 21.c5 Bc7 22.b4 axb4
23.axb4 Bf5 24.Kh1 Qh4 25.Kg1 Qg5 26.Kh1  1/2-1/2

[Event "Czech GM Open A"]
[Site "Pardubice CZE"]
[Date "2011.07.26"]
[Round "5.18"]
[White "Cvek,R"]
[Black "Abel,D"]
[Result "1/2-1/2"]
[WhiteElo "2506"]
[BlackElo "2418"]

1.c4 c6 2.Nf3 d5 3.d4 Nf6 4.e3 Bf5 5.Nc3 e6 6.Nh4 Be4 7.f3 Bg6 8.Qb3 Qc7
9.g3 Be7 10.Bd2 Nbd7 11.cxd5 Nxd5 12.Nxg6 hxg6 13.e4 Rxh2  1/2-1/2

[Event "Biel MTO Open"]
[Site "Biel SUI"]
[Date "2011.07.27"]
[Round "9"]
[White "Miezis,N"]
[Black "Shankland,S"]
[Result "1/2-1/2"]
[WhiteElo "2520"]
[BlackElo "2539"]

1.c4 c6 2.e4 d5 3.exd5 cxd5 4.cxd5 Nf6 5.Nc3 Nxd5 6.Nf3 Nc6 7.Bb5 e6 8.O-O Be7
9.Re1 O-O 10.d4 Qd6 11.Ne4 Qc7 12.Bg5 Bxg5 13.Nexg5 h6 14.Ne4 Bd7 15.Rc1 Qb6
16.Bc4 Rfd8 17.Bb3 Be8 18.Nc3 Nf6 19.Na4 Qb4 20.a3 Qe7 21.Nc3 Qf8 22.Rc2 Rac8
23.Ba2 Ne7 24.Ne5 Rd6 25.h3 Rcd8 26.Rd2 a6 27.Rd3 Bc6 28.Ng4 Nxg4 29.Qxg4 e5
30.Qe2 Rxd4 31.Rg3 e4 32.Qh5 R8d6 33.Rg4 Nd5 34.Bxd5 Bxd5 35.Nxe4 Bxe4 36.Rgxe4 Rxe4  1/2-1/2

[Event "11th Curacao Open"]
[Site "Curacao AHO"]
[Date "2011.07.27"]
[Round "5"]
[White "Van Wely,L"]
[Black "Ostrovskiy,Al"]
[Result "1-0"]
[WhiteElo "2683"]
[BlackElo "2294"]

1.c4 c6 2.d4 d5 3.Nf3 Nf6 4.e3 e6 5.Bd3 Nbd7 6.O-O dxc4 7.Bxc4 b5 8.Bd3 a6
9.a4 Bb7 10.e4 Be7 11.Nbd2 b4 12.e5 Nd5 13.Ne4 h6 14.Nfd2 c5 15.Nc4 cxd4
16.Ned6+ Bxd6 17.Nxd6+ Ke7 18.Nxb7 Qc7 19.Nd6 Nxe5 20.Ne4 Rhd8 21.Qe2 a5
22.Bd2 Nxd3 23.Qxd3 f5 24.Ng3 Nf6 25.Rfe1 Kf7 26.Qb3 Rd5 27.Rac1 Qd7 28.Bf4 Rc8
29.Rxc8 Qxc8 30.h4 Qc6 31.Rc1 Rc5 32.Rd1 Rd5 33.Ne2 e5 34.Bxe5  1-0

[Event "Open NK"]
[Site "Dieren NED"]
[Date "2011.07.27"]
[Round "8"]
[White "Kampman,T"]
[Black "Maatman,Nick"]
[Result "1-0"]
[WhiteElo "2111"]
[BlackElo "1994"]

1.c4 c6 2.g3 d5 3.Bg2 Nf6 4.b3 e6 5.Bb2 Nbd7 6.Nf3 Be7 7.O-O O-O 8.d4 b6
9.Nbd2 Bb7 10.Qc2 Rc8 11.Rac1 c5 12.cxd5 cxd4 13.Qb1 Nxd5 14.Nxd4 Rxc1 15.Rxc1 Qa8
16.e4 N5f6 17.a3 Rc8 18.Rd1 Nc5 19.f3 Ba6 20.Ba1 h5 21.b4 Ncd7 22.Qb3 Nf8
23.Bh3 h4 24.Nf1 Bc4 25.Qb2 Qb8 26.Kg2 N8h7 27.Ne3 Ng5 28.b5 Rc5 29.Nc6 Qc7
30.a4 Nxh3 31.Kxh3 hxg3 32.hxg3 Nh5 33.f4 Bf6 34.e5 Be7 35.Nxc4 Rxc4 36.Qe2 Nxf4+
37.gxf4 Rxf4 38.Rd4 Rxd4 39.Bxd4 Qd7 40.Qe4 Bg5 41.Kg3 Be7 42.Kf3 Bg5 43.Ke2 Kh8
44.Be3 Be7 45.Qd4 Qc7 46.a5 bxa5 47.Qxa7 Qxa7 48.Bxa7  1-0